| 000 | 00768nam a22002777a 4500 | ||
|---|---|---|---|
| 001 | 200464808 | ||
| 003 | TR-AnTOB | ||
| 005 | 20250709150859.0 | ||
| 008 | 250709b tu ||||| |||| 00| 0 tur d | ||
| 020 | _a9786054453696 | ||
| 040 |
_aTR-AnTOB _beng _erda _cTR-AnTOB |
||
| 041 | _atur | ||
| 092 |
_a813.42 _bATE 2014 |
||
| 100 |
_aAteş, Nurgül _eauthor _9149118 |
||
| 245 |
_aPaşa: Bir Kedinin Günlüğü / _cAteş, Nurgül |
||
| 250 | _a1.bs | ||
| 260 |
_aİstanbul : _bÇizmeli Kedi ; _c2014. |
||
| 300 |
_a63 Pages : _bill. ; _c24 cm. |
||
| 336 |
_atext _btxt _2rdacontent |
||
| 337 |
_aunmediated _bn _2rdamedia |
||
| 338 |
_avolume _bnc _2rdacarrier |
||
| 653 | _aKediler | ||
| 942 |
_2ddc _cBK |
||
| 999 |
_c200464808 _d83020 |
||